Income Taxation: (Record no. 10322)

MARC details
000 -LEADER
fixed length control field 00654nam a22002057a 4500
003 - CONTROL NUMBER IDENTIFIER
control field OSt
005 - DATE AND TIME OF LATEST TRANSACTION
control field 20260508052848.0
008 - FIXED-LENGTH DATA ELEMENTS--GENERAL INFORMATION
fixed length control field 260508b |||||||| |||| 00| 0 eng d
020 ## - INTERNATIONAL STANDARD BOOK NUMBER
International Standard Book Number 978-971-95940-0-0
040 ## - CATALOGING SOURCE
Original cataloging agency DWCL Main Lib.
Transcribing agency OC
082 ## - DEWEY DECIMAL CLASSIFICATION NUMBER
Edition number 2019 edition
Classification number 336.24 B216i 2019
100 ## - MAIN ENTRY--PERSONAL NAME
Personal name Banggawan, Rex B.
245 ## - TITLE STATEMENT
Title Income Taxation:
Remainder of title Laws Principles and Applications/
Statement of responsibility, etc. Rex B. Banggawan
250 ## - EDITION STATEMENT
Edition statement 2019 edition
260 ## - PUBLICATION, DISTRIBUTION, ETC.
Place of publication, distribution, etc. Pasay City:
Name of publisher, distributor, etc. Real Excellence Publishing,
Date of publication, distribution, etc. c2019
300 ## - PHYSICAL DESCRIPTION
Extent 703 pages :
Other physical details illustrations ;
Dimensions 23cm.
650 ## - SUBJECT ADDED ENTRY--TOPICAL TERM
Topical term or geographic name entry element Taxation
760 ## - MAIN SERIES ENTRY
Edition 2019 edition
942 ## - ADDED ENTRY ELEMENTS (KOHA)
Source of classification or shelving scheme Dewey Decimal Classification
Koha item type Book-Filipiniana
Edition 2019 edition
Classification part Fil.
Suppress in OPAC No
952 ## - LOCATION AND ITEM INFORMATION (KOHA)
--
Holdings
Withdrawn status Lost status Source of classification or shelving scheme Damaged status Not for loan Home library Current library Shelving location Date acquired Source of acquisition Total Checkouts Full call number Barcode Date last seen Copy number Price effective from Koha item type Uniform Resource Identifier
    Dewey Decimal Classification     College Library College Library Filipiniana 09/01/2022 Donation   Fil. 336.24 B216i 2019 CL53328 05/08/2026 c1 05/08/2026 BK - FIL